000 07063nam a22005537a 4500
005 2012020909219.0
010 _aB-473731-757
020 _c95.00
_a9788189934712
035 _aB-473731-757
037 _bब्लूबेरी बुक्स
082 _a
100 _aनैनी, ममता
_950853
245 _aबायस्कोप /
_cममता नैनी;शान्ति देवी द्वारा चित्रांकित
260 _aनई दिल्ली
_bकथा
_c2011
270 _aए-3 सर्वोदय एनक्लेव, श्री औरोबिन्दो मार्ग
_bनई दिल्ली
_e110017
300 _aअ.पृ.
_bसचित्र
_c20सेमी (अजिल्द)
700 _aशान्ति देवी
_941293
700 _941305
942 _2ddc
_cCH
_h
_mनैनीम
999 _c62399
_d62399